Central Library OPAC University of Rajshahi

Avenues to antiquity : (Record no. 26773)

MARC details
000 -LEADER
fixed length control field 00785pam a2200265 i 4500
001 - CONTROL NUMBER
control field 26773
003 - CONTROL NUMBER IDENTIFIER
rucl marc code BD-RjUL
005 - DATE AND TIME OF LATEST TRANSACTION
control field 20211209051051.0
008 - FIXED-LENGTH DATA ELEMENTS--GENERAL INFORMATION
fixed length control field 140323s1976 caua b 001 0 eng
020 ## - INTERNATIONAL STANDARD BOOK NUMBER
International Standard Book Number 0716705427.
-- 0716705419
035 ## - SYSTEM CONTROL NUMBER
System control number (BD-RjUL)26844
040 ## - CATALOGING SOURCE
Original cataloging agency DLC
Transcribing agency DLC
Modifying agency DLC
Language of cataloging eng
041 ## - LANGUAGE CODE
Language code of text/sound track or separate title eng
082 00 - DEWEY DECIMAL CLASSIFICATION NUMBER
Classification number 930.1
Author mark and year AVE 1976
245 00 - TITLE STATEMENT
Title Avenues to antiquity :
Remainder of title readings from Scientific American /
Statement of responsibility, etc. with introductions by Brian M. Fagan.
260 ## - PUBLICATION, DISTRIBUTION, ETC. (IMPRINT)
Place of publication, distribution, etc. San Francisco :
Name of publisher, distributor, etc. W. H. Freeman,
Date of publication, distribution, etc. c1976.
300 ## - PHYSICAL DESCRIPTION
Pagination viii, 334 p. :
Illustrations ill. ;
Size 30 cm.
504 ## - BIBLIOGRAPHY, ETC. NOTE
Bibliography, etc Includes index.
650 #0 - SUBJECT ADDED ENTRY--TOPICAL TERM
Topical term or geographic name as entry element Archaeology.
9 (RLIN) 82287
700 1# - ADDED ENTRY--PERSONAL NAME
Personal name Fagan, Brian M.
942 ## - ADDED ENTRY ELEMENTS (KOHA)
Source of classification or shelving scheme Dewey Decimal Classification
Koha item type Books
Holdings
Lost status Source of classification or shelving scheme Damaged status Not for loan Collection code Permanent Location Current Location Shelving location Date acquired Source of acquisition Cost, normal purchase price Total Checkouts Full call number Date last seen Copy number Koha item type
  Dewey Decimal Classification   Added to bundle Non-fiction Central Library, University of Rajshahi Central Library, University of Rajshahi Reading Room 02/04/1977 lions international 0.00   930.1 AVE 1976 23/03/2014 C-1 Books